LEADER 01305nam a2200301 a 4500 001 000000136141 003 CaOOAMICUS 005 20131113122300.0 008 131113s2011 ne u000 u eng r 020 $a978-94-007-3567-5 040 $aPUL$bita 082 04$a501 245 00$aExplanation, prediction, and confirmation /$cDennis Dieks ... [et al.]. 260 $aDordrecht :$bSpringer Science+Business Media ,$c©2011. 300 $a548 p. ;$c24 cm 490 1 $aPhilosophy of science in a European perspective ;$v02 504 $aBibliografia in nota. 650 4$aFilosofia della scienza.$0(OLS)http://pul/subject/5136 700 1 $aDieks, Dennis.$0(OLS)http://pul/name/87642 830 0$aPhilosophy of science in a European perspective ;$v02.$0(OLS)http://pul/title/172153 850 $aPUL 852 $aPUL$W1$xSL Cons. Gen., Altre Classi 3$y75$m501 DIEDE 2$j156915$qDDC 21$B156321$CPULBib$Z2$F156321 $H123164 $82 941 1 $a9 996 $6020$a978-94-007-3567-5$9(OLS)http://pul/number/153899 996 $6082$a501$9(OLS)http://pul/classification/520 996 $6245$aExplanation, prediction, and confirmation$9(OLS)http://pul/title/172155 996 $6260$aDordrecht :$bSpringer Science+Business Media $9(OLS)http://pul/publisher/82165 LEADER 01424nam a2200325 a 4500 001 000000140358 003 CaOOAMICUS 005 20141106105642.0 008 141106s2008 it a u000 u ita r 020 $a978-88-7707-066-1 040 $aPUL$bita 082 04$a282.092 100 1 $aBassignana, Pier Luigi.$0(OLS)http://pul/name/90498 245 10$aFrancesco Faà di Bruno :$bscienza, fede e società /$cPier Luigi Bassignana. 246 34$aFaà di Bruno 260 $aTorino :$bEdizione del Capricorno,$c©2008. 300 $aVIII, 181 p. :$bill. ;$c21 cm 490 1 $aSanti contro: fra rivoluzione e capitalismo 504 $aBibliografia in nota. 600 14$aFaà Di Bruno, Francesco,$cb.,$d1825-1888$xBiografia.$0(OLS)http://pul/subject/2419 830 0$aSanti contro: fra rivoluzione e capitalismo.$0(OLS)http://pul/title/177667 850 $aPUL 852 $aPUL$W1$xDP2 Religione 3$y114$m282. 092 FAA 2$j162178$qDDC 21$B161660$CPULBib$Z2$F161660 $H124850 $82 941 1 $a9 996 $6020$a978-88-7707-066-1 $9(OLS)http://pul/number/156299 996 $6082$a282.092$9(OLS)http://pul/classification/402 996 $6245$aFrancesco Faà di Bruno :$bscienza, fede e società$9(OLS)http://pul/title/177666 996 $6246$aFaà di Bruno$9(OLS)http://pul/title/177668 996 $6260$aTorino :$bEdizione del Capricorno$9(OLS)http://pul/publisher/82996